[Event "63.Camp. Veneto Quarti di Finale"]
[Site "Arquà Petrarca ITA"]
[Date "2003.05.11"]
[Round "6.31"]
[White "Fabiano, Manuel"]
[Black "De Vries, Bernhard"]
[Result "0-1"]
[WhiteElo "1600"]
[BlackElo "1434"]
[Annotator "Gabriele Ballarin"]
[PlyCount "72"]
[EventDate "2003.05.03"]
[EventType "swiss"]
[EventRounds "6"]
[EventCountry "ITA"]

1. d4 d5 2. Nf3 Nf6 3. Bf4 e6 4. e3 Nbd7 5. Bd3 c5 6. c3 cxd4 7. exd4 Be7 8. Nbd2 O-O 9. Qe2 Re8 10. Ne5 Nf8 11. Ndf3 N6d7 12. Nxd7 Bxd7 13. Ne5 a6 14. Qe3 g6 15. Qf3 f5 16. h4 Bxh4 17. g3 Bf6 18. Kd2 Re7 19. g4 fxg4 20. Nxg4 Bg7 21. Nh6+ Bxh6 22. Bxh6 Rf7 23. Qe3 Qf6 24. f4 Qd8 25. Rae1 Qb6 26. Kc2 Bb5 27. Rh2 Bxd3+ 28. Qxd3 Qc7 29. Qe3 Re8 30. Bxf8 Rfxf8 31. Qh3 Qf7 32. Qh6 Qg7 33. Qh3 Rf5 34. Qe3 Qf7 35. Rh4 Qf6 36. Reh1 Re7 {Nur} 0-1

[Event "63.Camp. Veneto Quarti di Finale"]
[Site "Arquà Petrarca ITA"]
[Date "2003.05.11"]
[Round "6.32"]
[White "Zuccarello, Gianni"]
[Black "Navarro, Tommaso"]
[Result "0-1"]
[WhiteElo "1459"]
[BlackElo "1552"]
[Annotator "Gabriele Ballarin"]
[PlyCount "55"]
[EventDate "2003.05.03"]
[EventType "swiss"]
[EventRounds "6"]
[EventCountry "ITA"]

1. d4 d5 2. c4 e6 3. Nf3 Nf6 4. Nc3 Be7 5. Qc2 O-O 6. e4 dxe4 7. Nxe4 Nbd7 8. Be2 b6 9. Bf4 Bb7 10. Nfd2 Nxe4 11. Nxe4 Nf6 12. Nxf6+ Bxf6 13. Be3 Qe7 14. O-O-O Bg5 15. Rhg1 Bxe3+ 16. fxe3 c5 17. Bd3 g6 18. Be4 Rac8 19. Bxb7 Qxb7 20. g4 cxd4 21. Rxd4 b5 22. b3 Qa6 23. Kd2 bxc4 24. Rxc4 Rxc4 25. bxc4 Rc8 26. Rc1 Qd6+ 27. Ke1 Qe5 28. Qd2 {Nur} 0-1

[Event "63.Camp. Veneto Quarti di Finale"]
[Site "Arquà Petrarca ITA"]
[Date "2003.05.11"]
[Round "6.33"]
[White "Mingardi, Alessandro"]
[Black "Zambon, Roberto"]
[Result "0-1"]
[WhiteElo "1300"]
[BlackElo "1537"]
[Annotator "Gabriele Ballarin"]
[PlyCount "62"]
[EventDate "2003.05.03"]
[EventType "swiss"]
[EventRounds "6"]
[EventCountry "ITA"]

1. e4 d5 2. e5 c5 3. d4 Nc6 4. Bb5 e6 5. Nf3 Qb6 6. Nc3 cxd4 7. Bxc6+ bxc6 8. Nxd4 Ba6 9. Nce2 Ne7 10. O-O Ng6 11. Nf3 Qc7 12. Re1 Nxe5 13. Bf4 Nxf3+ 14. gxf3 Bxe2 15. Bxc7 Bxd1 16. Raxd1 Kd7 17. Bf4 Bd6 18. Be3 Rab8 19. b3 a5 20. c4 Rb7 21. c5 Be7 22. f4 Rb5 23. Rc1 Ra8 24. Re2 a4 25. bxa4 Rxa4 26. Kg2 d4 27. Rd2 Bxc5 28. Rxc5 Rxc5 29. Bxd4 Rd5 30. Be3 Rxd2 31. Bxd2 Rxa2 0-1

[Event "63.Camp. Veneto Quarti di Finale"]
[Site "Arquà Petrarca ITA"]
[Date "2003.05.11"]
[Round "6.35"]
[White "Tencheni, Maurizio"]
[Black "Tonus, Alex"]
[Result "0-1"]
[WhiteElo "1300"]
[BlackElo "1689"]
[Annotator "Gabriele Ballarin"]
[PlyCount "152"]
[EventDate "2003.05.03"]
[EventType "swiss"]
[EventRounds "6"]
[EventCountry "ITA"]

1. d4 Nf6 2. c4 g6 3. Nc3 Bg7 4. g3 O-O 5. Bg2 d6 6. Nf3 Nbd7 7. O-O c6 8. e3 e5 9. dxe5 dxe5 10. Qc2 Qc7 11. b3 Nc5 12. Nd2 Rd8 13. Rd1 Be6 14. Nde4 Bf5 15. Bb2 Qc8 16. Rxd8+ Qxd8 17. Rd1 Qc8 18. b4 Na6 19. Qb3 Bh3 20. Nd6 Qe6 21. Nxb7 Bxg2 22. Kxg2 Rb8 23. Rd8+ Rxd8 24. Nxd8 Qd6 25. Nxf7 Kxf7 26. c5+ Qe6 27. Qxe6+ Kxe6 28. a3 Nd5 29. Ne4 h6 30. Kf3 Nac7 31. Ke2 Nf6 32. Nd6 Nfe8 33. Nc8 a6 34. e4 Na8 35. Kd3 Kd7 36. Nb6+ Nxb6 37. cxb6 Nd6 38. a4 Nb7 39. a5 c5 40. Bc3 Kc6 41. f4 cxb4 42. Bxb4 exf4 43. gxf4 Kb5 44. Bd2 h5 45. e5 Kc5 46. Ke4 Kc6 47. f5 Nc5+ 48. Kf3 gxf5 49. Bc3 Bh6 50. Bd4 Nb3 51. Bc3 Nc5 52. Bd4 Ne6 53. Be3 Bxe3 54. Kxe3 Nc5 55. Kf4 Nb3 56. Kxf5 Nxa5 57. Kg5 Nc4 58. e6 Nxb6 59. Kxh5 Kd6 60. Kg6 Kxe6 61. h4 Nd5 62. Kg5 Nf6 63. Kf4 a5 64. Ke3 Kd5 65. Kd3 Kc5 66. Kc3 Kb5 67. Kb3 a4+ 68. Ka3 Nh5 69. Ka2 Kb4 70. Kb2 a3+ 71. Ka2 Nf4 72. Ka1 Kb3 73. h5 Nxh5 74. Kb1 Nf4 75. Ka1 Nd5 76. Kb1 Nb4 0-1

[Event "63.C.to Italiano Semifinale"]
[Site "San Martino di Castrozza ITA"]
[Date "2003.06.21"]
[Round "1.3"]
[White "Pechy, Alaster"]
[Black "Contini, Luca"]
[Result "1/2-1/2"]
[WhiteElo "2115"]
[BlackElo "2337"]
[Annotator "Gabriele Ballarin"]
[PlyCount "65"]
[EventDate "2003.06.21"]
[EventType "swiss"]
[EventRounds "9"]
[EventCountry "ITA"]

{[%evp 0,64,19,15,24,-3,-3,-10,10,-4,-4,-4,2,-23,-12,-9,-9,-20,-4,3,3,-23,21,31,36,-1,-1,-1,14,-1,-1,-1,-1,-8,-8,2,0,-9,10,4,7,2,8,1,1,1,41,0,-2,-2,-2,-2,-2,0,0,0,0,0,0,0,0,0,0,0,0,0,0]} 1. d4 Nf6 2. c4 e6 3. Nc3 Bb4 4. Qc2 O-O 5. a3 Bxc3+ 6. Qxc3 b6 7. Nf3 Bb7 8. g3 c5 9. dxc5 bxc5 10. Bg2 Ne4 11. Qc2 Qa5+ 12. Nd2 Nxd2 13. Bxd2 Qa6 14. Bxb7 Qxb7 15. O-O Nc6 16. Be3 d6 17. Rfd1 Rfd8 18. Rd2 e5 19. Rad1 Nd4 20. Bxd4 exd4 21. e3 dxe3 22. fxe3 Qf3 23. Rxd6 Rxd6 24. Rxd6 Qxe3+ 25. Kg2 Re8 26. Qd3 Qe5 27. Rd8 Qxb2+ 28. Kh3 Qe5 29. Qd7 Qh5+ 30. Kg2 Qe2+ 31. Kg1 Qe1+ 32. Kg2 Qe2+ 33. Kg1 1/2-1/2

[Event "63.C.to Italiano Semifinale"]
[Site "San Martino di Castrozza ITA"]
[Date "2003.06.23"]
[Round "3.4"]
[White "Pechy, Alaster"]
[Black "Iotti, Pierluigi"]
[Result "0-1"]
[WhiteElo "2115"]
[BlackElo "2314"]
[Annotator "Gabriele Ballarin"]
[PlyCount "73"]
[EventDate "2003.06.21"]
[EventType "swiss"]
[EventRounds "9"]
[EventCountry "ITA"]

1. d4 Nf6 2. c4 e6 3. Nc3 Bb4 4. Qc2 c5 5. dxc5 O-O 6. a3 Bxc5 7. b4 Be7 8. Nf3 b6 9. e3 Bb7 10. Be2 d6 11. O-O Nbd7 12. Rd1 a6 13. Bb2 Rc8 14. Rac1 Qc7 15. Ba1 Rfd8 16. Qb2 Bf8 17. Rd4 Qb8 18. Rh4 Qa8 19. Rh3 Rc7 20. Rd1 Rdc8 21. Rd4 d5 22. Rdh4 dxc4 23. Qc2 g6 24. Ng5 Bxg2 25. Rg3 Bb7 26. Nxh7 Nxh7 27. Nd5 Bg7 28. Rxg6 fxg6 29. Ne7+ Kf8 30. Rxh7 Be4 31. Qd1 Nf6 32. Nxc8 Rd7 33. Qa4 Qd5 34. Nxb6 Qg5+ 35. Kf1 Qg2+ 36. Ke1 Qg1+ 37. Bf1 0-1

[Event "63.C.to Italiano Semifinale"]
[Site "San Martino di Castrozza ITA"]
[Date "2003.06.26"]
[Round "6.14"]
[White "Calisi, Elia"]
[Black "Rossi, Damiano"]
[Result "1/2-1/2"]
[WhiteElo "1600"]
[BlackElo "1840"]
[Annotator "Gabriele Ballarin"]
[PlyCount "93"]
[EventDate "2003.06.21"]
[EventType "swiss"]
[EventRounds "9"]
[EventCountry "ITA"]

{[%evp 0,92,33,-9,0,-9,-9,4,26,42,42,42,50,50,79,81,66,54,81,36,2,-1,-1,2,-11,-11,-8,-3,-9,4,4,8,-16,-22,13,9,-1,-3,1,1,20,21,13,1,10,16,15,17,29,32,26,37,41,8,69,68,59,60,58,51,50,44,37,15,23,-7,36,31,47,47,49,39,43,48,59,49,56,58,62,47,68,0,0,0,0,0,0,0,0,0,0,0,0,0,0]} 1. c4 e6 2. Nc3 Nf6 3. e3 c6 4. d4 d5 5. Nf3 a6 6. a3 dxc4 7. Bxc4 b5 8. Be2 c5 9. dxc5 Qxd1+ 10. Bxd1 Bxc5 11. b4 Be7 12. Bb2 Bb7 13. Rc1 O-O 14. O-O Nbd7 15. Be2 Rac8 16. Nb1 Rxc1 17. Rxc1 Rc8 18. Rxc8+ Bxc8 19. Nbd2 Nb6 20. h3 Bb7 21. Nb3 Na4 22. Bd4 Ne4 23. Nfd2 Nxd2 24. Nxd2 f6 25. f4 Bd8 26. Nb3 Bb6 27. Bxb6 Nxb6 28. Nc5 Bc8 29. e4 Kf7 30. Kf2 Nd7 31. Nxd7 Bxd7 32. h4 Ke7 33. e5 f5 34. Bf3 Kd8 35. Ke3 Kc7 36. g4 g6 37. Kd4 Kb6 38. h5 Bc6 39. hxg6 hxg6 40. Bxc6 Kxc6 41. g5 Kd7 42. Ke3 Kc7 43. Kd3 Kb6 44. Kc3 a5 45. Kd3 a4 46. Kc3 Kc6 47. Kd4 1/2-1/2

[Event "6.Città di  Padova Open A"]
[Site "Padova Fornace Carotta"]
[Date "2003.12.13"]
[Round "1.1"]
[White "Efimov, Igor"]
[Black "Roberti, Ignazio"]
[Result "1-0"]
[WhiteElo "2497"]
[BlackElo "1990"]
[Annotator "Gabriele Ballarin"]
[PlyCount "47"]
[EventDate "2003.12.13"]
[EventType "swiss"]
[EventRounds "9"]
[EventCountry "ITA"]

1. e4 c5 2. Nf3 Nc6 3. d4 cxd4 4. Nxd4 Nf6 5. Nc3 e5 6. Ndb5 d6 7. Bg5 a6 8. Na3 b5 9. Bxf6 gxf6 10. Nd5 f5 11. Bd3 Be6 12. c4 b4 13. Nc2 fxe4 14. Bxe4 Rb8 15. O-O Bg7 16. f4 Bxd5 17. Bxd5 Qb6+ 18. Kh1 O-O 19. f5 Bf6 20. Qh5 Ne7 21. Rf3 Nxd5 22. Rg3+ Kh8 23. Rh3 Bh4 24. Qxh4 1-0

[Event "6.Città di  Padova Open A"]
[Site "Padova Fornace Carotta"]
[Date "2003.12.13"]
[Round "1.2"]
[White "Quaranta, Cristiano"]
[Black "Dervishi, Erald"]
[Result "0-1"]
[WhiteElo "1942"]
[BlackElo "2495"]
[Annotator "Gabriele Ballarin"]
[PlyCount "46"]
[EventDate "2003.12.13"]
[EventType "swiss"]
[EventRounds "9"]
[EventCountry "ITA"]

1. d4 Nf6 2. Bg5 d5 3. Bxf6 exf6 4. e3 Bd6 5. c4 dxc4 6. Bxc4 O-O 7. Nc3 c6 8. Nge2 Nd7 9. O-O f5 10. Qc2 Nf6 11. Rad1 b5 12. Bd3 b4 13. Na4 Bxh2+ 14. Kxh2 Ng4+ 15. Kh3 f4 16. Bxh7+ Kh8 17. Bf5 Qg5 18. exf4 Qh5+ 19. Kg3 Bxf5 20. Qxc6 Qh2+ 21. Kf3 Nh6 22. Ke3 Rfe8+ 23. Kd2 Rac8 0-1

[Event "6.Città di  Padova Open A"]
[Site "Padova Fornace Carotta"]
[Date "2003.12.13"]
[Round "1.3"]
[White "Lazic, Miroljub"]
[Black "Cardili, Mariano"]
[Result "1-0"]
[WhiteElo "2479"]
[BlackElo "1900"]
[Annotator "Gabriele Ballarin"]
[PlyCount "39"]
[EventDate "2003.12.13"]
[EventType "swiss"]
[EventRounds "9"]
[EventCountry "ITA"]

1. e4 c6 2. d4 d5 3. f3 e6 4. Nc3 Bb4 5. Nge2 Nf6 6. a3 Bxc3+ 7. Nxc3 Qb6 8. e5 Nfd7 9. f4 O-O 10. Be3 a5 11. Bd3 Na6 12. O-O c5 13. dxc5 Naxc5 14. b4 axb4 15. axb4 Qxb4 16. Rxa8 Qxc3 17. Qa1 Qxa1 18. Rfxa1 Nxd3 19. cxd3 b6 20. Rc1 1-0

[Event "6.Città di  Padova Open A"]
[Site "Padova Fornace Carotta"]
[Date "2003.12.13"]
[Round "1.5"]
[White "Laketic, Gojko"]
[Black "Maniero, Riccardo"]
[Result "1-0"]
[WhiteElo "2399"]
[BlackElo "1660"]
[Annotator "Gabriele Ballarin"]
[PlyCount "55"]
[EventDate "2003.12.13"]
[EventType "swiss"]
[EventRounds "9"]
[EventCountry "ITA"]

1. d4 Nf6 2. c4 c5 3. Nf3 cxd4 4. Nxd4 Nc6 5. Nc3 d6 6. e4 g6 7. Be2 Bg7 8. Be3 O-O 9. Qd2 Re8 10. O-O Ng4 11. Bxg4 Bxg4 12. Rac1 Qc8 13. f3 Bd7 14. Nde2 b6 15. Nd5 Rb8 16. Rfd1 Be6 17. Bh6 Bh8 18. Bg5 Qb7 19. b3 Bxd5 20. cxd5 Ne5 21. Rc2 Kf8 22. Bh6+ Kg8 23. Rdc1 Rbc8 24. Nd4 Rxc2 25. Rxc2 Rc8 26. Nc6 Nxc6 27. dxc6 Rxc6 28. Qd5 1-0

[Event "6.Città di  Padova Open A"]
[Site "Padova Fornace Carotta"]
[Date "2003.12.13"]
[Round "1.6"]
[White "Belloni, Umberto"]
[Black "Manca, Federico"]
[Result "0-1"]
[WhiteElo "1623"]
[BlackElo "2363"]
[Annotator "Gabriele Ballarin"]
[PlyCount "76"]
[EventDate "2003.12.13"]
[EventType "swiss"]
[EventRounds "9"]
[EventCountry "ITA"]

1. e4 c5 2. Nf3 d6 3. d4 cxd4 4. Nxd4 Nf6 5. Bd3 Nc6 6. Nxc6 bxc6 7. Nc3 g6 8. O-O Bg7 9. Kh1 O-O 10. f4 Nd7 11. Be3 c5 12. Qd2 Bb7 13. Rad1 Rc8 14. Nd5 e6 15. Nc3 d5 16. exd5 exd5 17. Bg1 d4 18. Nb1 Nf6 19. Na3 Ne4 20. Bxe4 Bxe4 21. Nc4 f5 22. b3 Re8 23. Qf2 Bb7 24. Rfe1 Qd5 25. Qg3 Re4 26. Rxe4 fxe4 27. h4 Rf8 28. Qg5 Qxg5 29. fxg5 e3 30. Re1 Rf4 31. Kh2 Rxh4+ 32. Kg3 Rh5 33. Kf4 h6 34. g4 Rh3 35. gxh6 Rf3+ 36. Kg5 Bf6+ 37. Kxg6 Be4+ 38. Kh5 Rh3# 0-1

[Event "6.Città di  Padova Open A"]
[Site "Padova Fornace Carotta"]
[Date "2003.12.13"]
[Round "1.7"]
[White "Navarro, Emanuele"]
[Black "Canazza, Alessandro"]
[Result "1-0"]
[WhiteElo "2178"]
[BlackElo "1594"]
[Annotator "Gabriele Ballarin"]
[PlyCount "63"]
[EventDate "2003.12.13"]
[EventType "swiss"]
[EventRounds "9"]
[EventCountry "ITA"]

1. e4 c6 2. d4 d5 3. exd5 cxd5 4. c4 Nf6 5. Nc3 e6 6. Nf3 Be7 7. Bf4 O-O 8. c5 b6 9. b4 bxc5 10. dxc5 Bd7 11. Bd3 a6 12. O-O Nc6 13. Rb1 d4 14. Ne4 Nd5 15. Qc2 f6 16. Bd6 e5 17. Bc4 Be6 18. a4 Bxd6 19. Nxd6 Qd7 20. Qa2 Nc7 21. Nd2 f5 22. Bxe6+ Qxe6 23. Qxe6+ Nxe6 24. b5 Ne7 25. c6 axb5 26. axb5 Nc8 27. N2c4 e4 28. b6 Rb8 29. b7 Na7 30. Ne5 d3 31. Rfc1 Nd4 32. Rc4 1-0

[Event "6.Città di  Padova Open A"]
[Site "Padova Fornace Carotta"]
[Date "2003.12.13"]
[Round "1.8"]
[White "Cipolotti, Piersilvio"]
[Black "Sartori, Spartaco"]
[Result "0-1"]
[WhiteElo "1591"]
[BlackElo "2177"]
[Annotator "Gabriele Ballarin"]
[PlyCount "78"]
[EventDate "2003.12.13"]
[EventType "swiss"]
[EventRounds "9"]
[EventCountry "ITA"]

1. Nf3 Nf6 2. g3 g6 3. Bg2 Bg7 4. O-O O-O 5. d3 d5 6. Nbd2 Nc6 7. e4 e5 8. c3 a5 9. a3 a4 10. h3 h6 11. Kh2 Be6 12. Ng1 dxe4 13. dxe4 g5 14. Qc2 Na5 15. Rd1 Qe7 16. Ngf3 Nd7 17. Ne1 Nc5 18. Nd3 Nxd3 19. Qxd3 Rfd8 20. Qe2 Qd7 21. Re1 Ra6 22. Nf1 Nb3 23. Rb1 Rd6 24. Be3 b5 25. f4 exf4 26. gxf4 gxf4 27. Bxf4 Rd3 28. Qh5 Kh7 29. Ng3 Nd2 30. e5 Rxg3 31. Bxg3 Nxb1 32. Be4+ Kg8 33. Bxb1 Qd2+ 34. Re2 Qd1 35. Bc2 Qc1 36. Bf4 Bd5 37. Be4 Bxe4 38. Rxe4 Rd2+ 39. Re2 Qd1 0-1

[Event "6.Città di  Padova Open A"]
[Site "Padova Fornace Carotta"]
[Date "2003.12.13"]
[Round "1.9"]
[White "Navarro, Stefano"]
[Black "Giordan, Daniele"]
[Result "1-0"]
[WhiteElo "2128"]
[BlackElo "1569"]
[Annotator "Gabriele Ballarin"]
[PlyCount "161"]
[EventDate "2003.12.13"]
[EventType "swiss"]
[EventRounds "9"]
[EventCountry "ITA"]

1. e4 d6 2. d4 Nf6 3. Nc3 g6 4. Bg5 Bg7 5. Qd2 c6 6. f4 b5 7. a3 a6 8. Nf3 Bb7 9. Be2 Qc7 10. e5 Nd5 11. Nxd5 cxd5 12. O-O Nc6 13. Bh4 Bc8 14. Bg3 Bf5 15. Kh1 Na5 16. exd6 exd6 17. Qe3+ Be4 18. Ng5 f5 19. Ne6 Qe7 20. Nxg7+ Qxg7 21. Qc3 Nb7 22. a4 O-O 23. axb5 Rfc8 24. Qe3 Rxc2 25. bxa6 Nd8 26. Bf3 Rxb2 27. Bxe4 dxe4 28. Qc3 Rb6 29. Qc4+ Qf7 30. d5 Qd7 31. Bf2 Qb5 32. Qxb5 Rxb5 33. Rfd1 Rb3 34. Bd4 Rd3 35. a7 Nb7 36. Rdb1 Rxd4 37. Rxb7 Rxa7 38. Rb8+ Kg7 39. Rxa7+ Kh6 40. h3 g5 41. fxg5+ Kxg5 42. Rb3 h5 43. Rg7+ Kf6 44. Rh7 Kg5 45. Kg1 Rxd5 46. Rg7+ Kf6 47. Rbg3 h4 48. R3g6+ Ke5 49. Rh7 e3 50. Kf1 Rd2 51. Rxh4 d5 52. Ra4 d4 53. Rg8 Ke4 54. Re8+ Kd3 55. Ra3+ Kc4 56. Raxe3 dxe3 57. Rxe3 Kd4 58. Re8 Ra2 59. Kg1 f4 60. h4 Rb2 61. Kf1 Kd5 62. Kg1 Kd4 63. Re7 Ra2 64. Kf1 Rb2 65. Re2 Rb5 66. Kf2 Rh5 67. Kf3 Rxh4 68. Re4+ Kd5 69. Rxf4 Rh1 70. Kg4 Ke6 71. Rf2 Ke5 72. Kg5 Ke6 73. g4 Rg1 74. Kh5 Rh1+ 75. Kg6 Rg1 76. g5 Ke7 77. Kh6 Rh1+ 78. Kg7 Rg1 79. Re2+ Kd6 80. g6 Kd7 81. Kh7 1-0

[Event "6.Città di  Padova Open A"]
[Site "Padova Fornace Carotta"]
[Date "2003.12.13"]
[Round "1.10"]
[White "Bonetto, Giorgio"]
[Black "Opacic, Alexandar"]
[Result "0-1"]
[WhiteElo "1540"]
[BlackElo "2088"]
[Annotator "Gabriele Ballarin"]
[PlyCount "102"]
[EventDate "2003.12.13"]
[EventType "swiss"]
[EventRounds "9"]
[EventCountry "ITA"]

1. e4 c5 2. c3 d5 3. exd5 Qxd5 4. d4 Nf6 5. Nf3 Bg4 6. Be2 e6 7. h3 Bh5 8. O-O Nc6 9. Na3 cxd4 10. Nb5 Rc8 11. Nbxd4 Be7 12. Nxc6 Qxd1 13. Rxd1 bxc6 14. Be3 Rc7 15. g4 Bg6 16. Ne5 O-O 17. Nxg6 hxg6 18. Rd3 Nd5 19. Rad1 Rb7 20. Bc1 g5 21. c4 Nf4 22. Bxf4 gxf4 23. b3 Rc7 24. Rd7 Rfc8 25. Bf3 Bf6 26. c5 Kf8 27. Be2 Ke8 28. Rxc7 Rxc7 29. Bf3 Be5 30. Kg2 g5 31. Be4 Ke7 32. Kf1 Rd7 33. Rxd7+ Kxd7 34. Bd3 Bd4 35. b4 Bc3 36. b5 Bd4 37. a4 Bxc5 38. Ke2 cxb5 39. axb5 Kd6 40. f3 Be3 41. Bc4 Kc5 42. Bd3 Kd4 43. Be4 Kc5 44. Bd3 f6 45. Kd1 Bd4 46. Kc2 Ba1 47. Kb3 Kd4 48. Bc4 Ke3 49. Bxe6 Kxf3 50. Kc4 Ke3 51. Kc5 f3 0-1

[Event "6.Città di  Padova Open A"]
[Site "Padova Fornace Carotta"]
[Date "2003.12.13"]
[Round "1.11"]
[White "Rigo, Gianfrancesco"]
[Black "Rizzo, Giuseppe"]
[Result "1-0"]
[WhiteElo "2059"]
[BlackElo "1503"]
[Annotator "Gabriele Ballarin"]
[PlyCount "80"]
[EventDate "2003.12.13"]
[EventType "swiss"]
[EventRounds "9"]
[EventCountry "ITA"]

1. e4 Nf6 2. e5 Nd5 3. Bc4 Nb6 4. Bb3 c5 5. d3 Nc6 6. Nf3 e6 7. c3 d6 8. exd6 Bxd6 9. O-O Bd7 10. Nbd2 Be7 11. Ne4 Nd5 12. Re1 h6 13. Bxd5 exd5 14. Nxc5 Bc8 15. Qb3 Kf8 16. d4 b6 17. Nd3 Bf5 18. Nde5 Na5 19. Qd1 f6 20. b4 fxe5 21. Nxe5 Nc4 22. Nc6 Qd7 23. Nxe7 Be4 24. Rxe4 dxe4 25. Ng6+ Kg8 26. Nxh8 Kxh8 27. Qe2 b5 28. Bf4 Qf5 29. Bg3 Re8 30. a4 a6 31. axb5 axb5 32. h3 e3 33. Re1 Qd5 34. Kh2 Qf5 35. Qd1 Qd5 36. Qg4 h5 37. Qf4 Kg8 38. fxe3 Rf8 39. e4 Qa8 40. Qg5 Qa3 1-0

[Event "6.Città di  Padova Open A"]
[Site "Padova Fornace Carotta"]
[Date "2003.12.13"]
[Round "1.12"]
[White "Adami, Igor"]
[Black "Logallo, Claudio"]
[Result "0-1"]
[WhiteElo "1500"]
[BlackElo "2045"]
[Annotator "Gabriele Ballarin"]
[PlyCount "44"]
[EventDate "2003.12.13"]
[EventType "swiss"]
[EventRounds "9"]
[EventCountry "ITA"]

1. d4 Nf6 2. c4 c5 3. e3 g6 4. Nc3 Bg7 5. Nf3 O-O 6. Bd3 b6 7. b3 Bb7 8. Bb2 d6 9. d5 e5 10. Qc2 Ne8 11. O-O f5 12. e4 f4 13. Rfe1 g5 14. h3 h5 15. Nh2 Bc8 16. Be2 g4 17. hxg4 hxg4 18. Bxg4 Bxg4 19. Nxg4 f3 20. g3 Qd7 21. Nh2 Qh3 22. Qd1 Qg2# 0-1

[Event "6.Città di  Padova Open A"]
[Site "Padova Fornace Carotta"]
[Date "2003.12.13"]
[Round "1.13"]
[White "Antoniacci, Riccardo"]
[Black "Kircanski, Piergiorgio"]
[Result "1-0"]
[WhiteElo "2041"]
[BlackElo "1500"]
[Annotator "Gabriele Ballarin"]
[PlyCount "50"]
[EventDate "2003.12.13"]
[EventType "swiss"]
[EventRounds "9"]
[EventCountry "ITA"]

1. e4 c5 2. Nf3 d6 3. d4 cxd4 4. Nxd4 Nf6 5. Nc3 e6 6. g4 a6 7. g5 Nfd7 8. Be3 Be7 9. Rg1 Ne5 10. f4 Ng6 11. Nf3 Nd7 12. h4 b5 13. h5 Ngf8 14. Qd4 e5 15. fxe5 Ne6 16. Qd5 Nb6 17. Qc6+ Bd7 18. Qxb6 dxe5 19. O-O-O Qc7 20. Qxc7 Nxc7 21. Nxe5 Be6 22. Nd5 Bd8 23. Nc6 O-O 24. Nb6 Re8 25. Nxa8 Nxa8 1-0

[Event "6.Città di  Padova Open A"]
[Site "Padova Fornace Carotta"]
[Date "2003.12.13"]
[Round "1.14"]
[White "Fragni, Enrico"]
[Black "Rossi, Damiano"]
[Result "0-1"]
[WhiteElo "1447"]
[BlackElo "2027"]
[Annotator "Gabriele Ballarin"]
[PlyCount "110"]
[EventDate "2003.12.13"]
[EventType "swiss"]
[EventRounds "9"]
[EventCountry "ITA"]

1. c4 e6 2. Nc3 d5 3. e3 Nf6 4. Nf3 c6 5. Be2 Nbd7 6. d4 dxc4 7. Bxc4 b5 8. Bd3 Bb7 9. O-O a6 10. Bd2 c5 11. b3 Be7 12. Rc1 cxd4 13. exd4 O-O 14. Re1 Nb6 15. Be3 Nbd5 16. Ne4 Nxe3 17. Nxf6+ Bxf6 18. fxe3 Re8 19. Rc5 h6 20. Be2 Qb6 21. Ne5 Rad8 22. Qa1 Bd5 23. Rec1 Bxe5 24. dxe5 Be4 25. Qc3 Rd7 26. Rc8 Rxc8 27. Qxc8+ Kh7 28. Kf2 Rd2 29. Qc3 Rxa2 30. b4 Qd8 31. Re1 Rc2 32. Qd4 Qxd4 33. exd4 Rb2 34. g3 Rxb4 35. Bxb5 Rxb5 36. Rxe4 Rb2+ 37. Kg1 a5 38. Re3 a4 39. Ra3 Rb4 40. Kf2 Rxd4 41. Ke3 Rb4 42. Kd2 Kg6 43. Kc2 Re4 44. Kd3 Kf5 45. Ra1 Kxe5 46. Rb1 Rd4+ 47. Ke3 a3 48. Rb5+ Rd5 49. Rb1 a2 50. Ra1 Ra5 51. Kd3 Kf5 52. h3 Ra3+ 53. Ke2 Rxg3 54. Kf2 Rxh3 55. Kg2 Ra3 0-1

[Event "6.Città di  Padova Open A"]
[Site "Padova Fornace Carotta"]
[Date "2003.12.14"]
[Round "2.1"]
[White "Opacic, Alexandar"]
[Black "Efimov, Igor"]
[Result "0-1"]
[WhiteElo "2088"]
[BlackElo "2497"]
[Annotator "Gabriele Ballarin"]
[PlyCount "86"]
[EventDate "2003.12.13"]
[EventType "swiss"]
[EventRounds "9"]
[EventCountry "ITA"]

1. e4 c5 2. Nf3 d6 3. d4 cxd4 4. Nxd4 Nf6 5. Nc3 Bd7 6. Be2 Bc6 7. Qd3 Nbd7 8. Nxc6 bxc6 9. f4 e6 10. Be3 Be7 11. O-O O-O 12. Kh1 Qa5 13. Bd2 Qc7 14. Rae1 Rab8 15. b3 Rfe8 16. Qh3 e5 17. Bd3 exf4 18. Bxf4 Bd8 19. e5 Nxe5 20. Bxe5 Rxe5 21. Rxe5 dxe5 22. Ne4 Nxe4 23. Bxe4 g6 24. Qc3 Kg7 25. Qxc6 Qxc6 26. Bxc6 f5 27. c4 Be7 28. Re1 Kf6 29. Kg1 e4 30. g3 h5 31. Kf2 h4 32. Rd1 Rb6 33. Bd5 Ke5 34. Bf7 Bc5+ 35. Ke2 Bd4 36. Be8 g5 37. Bd7 hxg3 38. hxg3 Rh6 39. b4 f4 40. gxf4+ gxf4 41. Rf1 Rh2+ 42. Kd1 Rxa2 43. c5 Ra1+ 0-1

[Event "6.Città di  Padova Open A"]
[Site "Padova Fornace Carotta"]
[Date "2003.12.14"]
[Round "2.2"]
[White "Dervishi, Erald"]
[Black "Navarro, Stefano"]
[Result "1-0"]
[WhiteElo "2495"]
[BlackElo "2128"]
[Annotator "Gabriele Ballarin"]
[PlyCount "127"]
[EventDate "2003.12.13"]
[EventType "swiss"]
[EventRounds "9"]
[EventCountry "ITA"]

1. e4 e5 2. Nf3 Nc6 3. Bb5 f5 4. Nc3 fxe4 5. Nxe4 d5 6. Nxe5 dxe4 7. Nxc6 Qg5 8. Qe2 Nf6 9. f4 Qxf4 10. Ne5+ c6 11. d4 Qh4+ 12. g3 Qh3 13. Bc4 Be6 14. Bf4 O-O-O 15. O-O-O Bd6 16. Rhf1 Rhf8 17. Kb1 Bd5 18. Bb3 Bxb3 19. axb3 Qe6 20. h4 Bc7 21. Nc4 Ng4 22. Bxc7 Kxc7 23. Rxf8 Rxf8 24. Ne5 Nxe5 25. Qxe4 Qf5 26. Qxe5+ Qxe5 27. dxe5 Re8 28. Re1 Kd7 29. c4 Ke6 30. Re4 Re7 31. g4 h5 32. gxh5 Kf5 33. Rd4 Kxe5 34. Rd8 Rf7 35. Rh8 Kd6 36. Rh7 Ke6 37. Kc2 Rf2+ 38. Kc3 Rf7 39. Kb4 b6 40. h6 gxh6 41. Rxh6+ Kd7 42. Ka4 a6 43. b4 Rf2 44. Ka3 Rh2 45. h5 Rh3+ 46. b3 Rh2 47. c5 b5 48. Rd6+ Kc7 49. h6 Kb7 50. Rg6 a5 51. bxa5 Rh3 52. a6+ Kxa6 53. Rxc6+ Ka5 54. Rb6 b4+ 55. Rxb4 Rxh6 56. Rb8 Rh3 57. Kb2 Rh6 58. b4+ Ka6 59. Kb3 Ka7 60. Rg8 Kb7 61. Kc4 Rh7 62. Rg6 Rh4+ 63. Kb5 Rh7 64. Ka5 1-0

[Event "6.Città di  Padova Open A"]
[Site "Padova Fornace Carotta"]
[Date "2003.12.14"]
[Round "2.3"]
[White "Logallo, Claudio"]
[Black "Lazic, Miroljub"]
[Result "0-1"]
[WhiteElo "2045"]
[BlackElo "2479"]
[Annotator "Gabriele Ballarin"]
[PlyCount "41"]
[EventDate "2003.12.13"]
[EventType "swiss"]
[EventRounds "9"]
[EventCountry "ITA"]

1. e4 g6 2. d3 Bg7 3. Nf3 Nc6 4. g3 e5 5. Bg2 Nge7 6. c3 d5 7. O-O O-O 8. Re1 h6 9. h3 Be6 10. Nbd2 a5 11. Nf1 Qd7 12. Kh2 Rad8 13. Qa4 f5 14. Be3 b6 15. Rad1 f4 16. Bc1 fxg3+ 17. fxg3 Rxf3 18. Bxf3 Nd4 19. Qxd7 Nxf3+ 20. Kh1 Rxd7 21. Re3 0-1